Cyclisme : Top 20 Cadel Evans Great Ocean Road Race 2025 - Statistiques

Statistiques générales
  • Ce quiz a été pris 28 fois
  • Le résultat moyen est 7 sur 20
Statistiques - réponses
Position Equipe Coureur % Correct
1er Jayco AlUla Mauro Schmid
92%
3eme Red Bull Bora Hansgrohe Laurence Pithie
75%
4eme Movistar Team Javier Romo
67%
16eme Cofidis Brian Coquard
50%
6eme Israel Premier Tech Corbin Strong
50%
10eme Red Bull Bora Hansgrohe Finn Fisher-Black
46%
9eme Picnic PostNL Oscar Onley
46%
8eme Groupama FDJ Remy Rochas
42%
2eme XDS Astana Team Aaron Gate
38%
7eme Ineos Grenadiers Magnus Sheffield
38%
18eme Lidl Trek Patrick Konrad
33%
14eme Red Bull Bora Hansgrohe Danny Van Poppel
25%
15eme Picnic PostNL Tobias Lund Andresen
25%
5eme Lidl Trek Andrea Bagioli
21%
12eme Israel Premier Tech Michael Woods
21%
13eme Lidl Trek Tim Torn Teutenberg
21%
17eme Intermarché Wanty Francesco Busatto
8%
11eme EF Education Easypost Esteban Chaves
4%
20eme Soudal Quick Step Pascal Eenkhoorn
4%
19eme Movistar Team Natnael Tesfatsion
0%
Aucun quiz correspondant
Distribution des résultats
% des personnes avec chaque résultat
Percentile par nombre de réponses
Votre historique - résultats
Vous n’avez pas pris ce quiz